| Tag |
First Indicator |
Second Indicator |
Subfields |
| LEADER |
00000cam a2200000 a 4500 |
| 001 |
in00000025873 |
| 005 |
20151007054514.0 |
| 008 |
880729s1968 sz ac c 00010 fre d |
| 035 |
|
|
|a (OCoLC)18289548
|
| 035 |
|
|
|9 AAB5260AM
|
| 040 |
|
|
|a TXA
|c TXA
|d UtOrBLW
|
| 049 |
|
|
|a TXAM
|c [A08560352]
|
| 050 |
|
4 |
|a NE2047.6.M6
|b A4 1968
|
| 100 |
1 |
|
|a Moore, Henry,
|d 1898-1986.
|
| 245 |
1 |
0 |
|a Henry Moore :
|b oeuvre gravé et lithographié, 1939-1967 : exposition, 25 novembre 1968-31 janvier 1969 : Galerie Gérald Cramer, Genève.
|
| 264 |
|
1 |
|a Genève :
|b La Galerie,
|c [1968?]
|
| 300 |
|
|
|a 23 pages :
|b illustrations, portrait ;
|c 25 cm.
|
| 336 |
|
|
|a text
|b txt
|2 rdacontent
|
| 337 |
|
|
|a unmediated
|b n
|2 rdamedia
|
| 338 |
|
|
|a volume
|b nc
|2 rdacarrier
|
| 500 |
|
|
|a English and French.
|
| 600 |
1 |
0 |
|a Moore, Henry,
|d 1898-1986
|x Exhibitions.
|
| 710 |
2 |
|
|a Galerie Gérald Cramer.
|
| 740 |
0 |
|
|a Oeuvre gravé et lithographié, 1939-1967.
|
| 999 |
|
|
|a MARS
|
| 999 |
f |
f |
|s e353e3ed-f6e2-34ff-8205-6eeb9bf89f99
|i 932019d4-6b38-3417-993e-0565354b9329
|t 0
|
| 952 |
f |
f |
|p normal
|a Texas A&M University
|b College Station
|c Sterling C. Evans Library
|d Evans: Library Stacks
|t 0
|e NE2047.6.M6 A4 1968
|h Library of Congress classification
|i unmediated -- volume
|m A14808560352
|
| 998 |
f |
f |
|a NE2047.6.M6 A4 1968
|t 0
|l Evans: Library Stacks
|